|
|
|
|
| LEADER |
03917nam a22002897a 4500 |
| 001 |
44523 |
| 003 |
BD-DhAAL |
| 005 |
20250909112129.0 |
| 008 |
250727r2010 bg ab||| |||| 00| 0 ben d |
| 040 |
|
|
|a BD-DhAAL
|d BD-DhAAL
|
| 041 |
|
|
|a ben
|
| 082 |
|
|
|a 363.3493095492
|
| 245 |
|
|
|a বাংলাদেশের বিভিন্ন ধরনের বন্যা :
|b আশ্রয়কেন্দ্রের একটি তুলনামূলক বিশ্লেষণ,
|p ডাইপেকোহ্ (DIPECHO)'র দক্ষিণ এশিয়ার জন্য পঞ্চম কর্ম পরিকল্পনা.
|k চূড়ান্ত প্রতিবেদন
|f আগষ্ট, ২০১০ /
|c পোস্টগ্র্যাজুয়েট প্রোগ্রামস ইন ডিজেস্টার ম্যানেজমেন্ট (PPDM), ইনস্টিটিউট অব ওয়াটার এন্ড ফ্লাড ম্যানেজমেন্ট (IWFM).
|
| 260 |
|
|
|a ঢাকা :
|b ইউরোপিয়ান কমিশন হিউমেনিটেরিয়ান এইড এবং সিভিল প্রোডাকশন ডিপার্টমেন্ট (ECHO),
|c ২০১০.
|
| 300 |
|
|
|a xviii, ৭৪ পৃষ্ঠা :
|b চিত্র :
|c ২৮ সে.মি
|
| 541 |
|
|
|a Complimentary copy from Fuad Hassan Mallick, Professor and Dean, School of Architecture and Design, BRAC University
|e 44523, 44524, 44525, 44526
|
| 650 |
|
|
|a Flood control
|z Bangladesh.
|
| 650 |
|
|
|a Flood forecasting
|z Bangladesh.
|9 58868
|
| 650 |
|
|
|a Flood damage prevention
|z Bangladesh.
|9 56460
|
| 710 |
|
|
|a পোস্টগ্র্যাজুয়েট প্রোগ্রামস ইন ডিজেস্টার ম্যানেজমেন্ট (PPDM),
|b ব্র্যাক বিশ্ববিদ্যালয় (BRAC University).
|9 58863
|
| 710 |
|
|
|a ইনস্টিউট অব ওয়াটার এন্ড ফ্লাড ম্যানেজমেন্ট (IWFM),
|b বাংলাদেশ প্রকৌশল বিশ্ববিদ্যালয় (BUET).
|9 58864
|
| 942 |
|
|
|2 ddc
|c BK
|
| 999 |
|
|
|c 47358
|d 47358
|
| 952 |
|
|
|0 0
|1 0
|2 ddc
|4 0
|6 363_349309549200000_BAN
|7 0
|8 RPT
|9 77909
|a BRACUL
|b BRACUL
|c GEN
|d 2025-07-27
|e Complimentary copy from Fuad Hassan Mallick, Professor and Dean, School of Architecture and Design, BRAC University
|l 0
|o 363.3493095492 BAN
|p 3010044523
|r 2025-07-27
|t 1
|w 2025-07-27
|y BK
|x Complimentary copy from Fuad Hassan Mallick, Professor and Dean, School of Architecture and Design, BRAC University ; Price not available
|
| 952 |
|
|
|0 0
|1 0
|2 ddc
|4 0
|6 363_349309549200000_BAN
|7 0
|8 RPT
|9 77910
|a BRACUL
|b BRACUL
|c GEN
|d 2025-07-27
|e Complimentary copy from Fuad Hassan Mallick, Professor and Dean, School of Architecture and Design, BRAC University
|l 0
|o 363.3493095492 BAN
|p 3010044524
|r 2025-07-27
|t 2
|w 2025-07-27
|y BK
|x Complimentary copy from Fuad Hassan Mallick, Professor and Dean, School of Architecture and Design, BRAC University; Price not available
|
| 952 |
|
|
|0 0
|1 0
|2 ddc
|4 0
|6 363_349309549200000_BAN
|7 0
|8 RPT
|9 77911
|a BRACUL
|b BRACUL
|c GEN
|d 2025-07-27
|e Complimentary copy from Fuad Hassan Mallick, Professor and Dean, School of Architecture and Design, BRAC University
|l 0
|o 363.3493095492 BAN
|p 3010044525
|r 2025-07-27
|t 3
|w 2025-07-27
|y BK
|x Complimentary copy from Fuad Hassan Mallick, Professor and Dean, School of Architecture and Design, BRAC University; Price not available
|
| 952 |
|
|
|0 0
|1 0
|2 ddc
|4 0
|6 363_349309549200000_BAN
|7 0
|8 RPT
|9 77912
|a BRACUL
|b BRACUL
|c GEN
|d 2025-07-27
|e Complimentary copy from Fuad Hassan Mallick, Professor and Dean, School of Architecture and Design, BRAC University
|l 0
|o 363.3493095492 BAN
|p 3010044526
|r 2025-07-27
|t 4
|w 2025-07-27
|y BK
|x Complimentary copy from Fuad Hassan Mallick, Professor and Dean, School of Architecture and Design, BRAC University; Price not available
|